[Event "Parsvnath Commonwealth ch 2010"]
[Site "Nueva Delhi IND"]
[Date "2010.05.17"]
[Round "10.8"]
[White "Hasan, Mehdi"]
[Black "Bakre, Tejas"]
[Result "0-1"]
[WhiteElo "2287"]
[BlackElo "2483"]
[PlyCount "91"]
[EventDate "2010.05.10"]
[EventType "swiss"]
[EventRounds "11"]
[EventCountry "IND"]
[Source "lmi"]
[SourceDate "2010.05.10"]

1. e4 c5 2. Nf3 d6 3. d4 cxd4 4. Nxd4 Nf6 5. Nc3 Nc6 6. Bc4 e6 7. Be3 a6 8. Qe2
Qc7 9. f4 b5 10. Bd3 Bb7 11. O-O Be7 12. Kh1 O-O 13. a3 b4 14. Nxc6 bxc3 15.
Nxe7+ Qxe7 16. Bd4 cxb2 17. Bxb2 e5 18. Rab1 Rab8 19. Bc3 exf4 20. Rxf4 Nd7 21.
Rbf1 Rbc8 22. Bc4 Ne5 23. Bxe5 Qxe5 24. Bxf7+ Kh8 25. Qf2 Bxe4 26. Bb3 Rxf4 27.
Qxf4 Qe7 28. Kg1 d5 29. a4 h6 30. Rf2 Qc5 31. h3 Qc3 32. Qd2 Qe5 33. Qb4 Kh7
34. Rf8 Qg3 35. Rf2 Rc6 36. Qd4 Rf6 37. Qd2 Rd6 38. Qf4 Qg6 39. Kh2 Rc6 40. Qd2
Qd6+ 41. Kg1 Qc5 42. Kh2 Rg6 43. Re2 Rg5 44. c3 Qd6+ 45. Kg1 Qb6+ 46. Kf1 0-1

[Event "Parsvnath Commonwealth ch 2010"]
[Site "Nueva Delhi IND"]
[Date "2010.05.17"]
[Round "10.11"]
[White "Vaibhav, Suri"]
[Black "Sriram, Jha"]
[Result "1/2-1/2"]
[WhiteElo "2347"]
[BlackElo "2507"]
[PlyCount "130"]
[EventDate "2010.05.10"]
[EventType "swiss"]
[EventRounds "11"]
[EventCountry "IND"]
[Source "lmi"]
[SourceDate "2010.05.10"]

1. e4 e5 2. Nf3 Nc6 3. Bb5 Nf6 4. d3 d6 5. O-O g6 6. d4 Bd7 7. Re1 Bg7 8. dxe5
Nxe5 9. Nc3 Bxb5 10. Nxb5 O-O 11. Nxe5 dxe5 12. Qxd8 Rfxd8 13. Bg5 c6 14. Nc3
h6 15. Bxf6 Bxf6 16. Rad1 Rd4 17. Rd3 b5 18. Red1 Kf8 19. f3 Rad8 20. Ne2 Rxd3
21. Rxd3 Rxd3 22. cxd3 Ke7 23. Kf2 Kd6 24. Ke1 Kc5 25. Kd2 a5 26. Kc2 Bg5 27.
Kc3 Be3 28. Kc2 h5 29. Kc3 h4 30. h3 Bd4+ 31. Kc2 a4 32. Kb1 Kb4 33. Kc2 c5 34.
a3+ Ka5 35. b3 b4 36. axb4+ cxb4 37. bxa4 Kxa4 38. Nc1 Be3 39. Nb3 Kb5 40. Kd1
Bg1 41. Kc2 Kc6 42. Nc1 Be3 43. Nb3 Bg1 44. Nc1 Kc5 45. Nb3+ Kd6 46. Nd2 Bd4
47. Nb3 Bc3 48. Kd1 Ke6 49. Ke2 Kf6 50. Nc5 Bd4 51. Nb3 Kg5 52. Nd2 Kf4 53. Nb3
Bb6 54. Nd2 f5 55. Nb3 g5 56. exf5 Kxf5 57. Kf1 Kf4 58. Ke2 Bd4 59. Nd2 Kf5 60.
Nb3 Ke6 61. Kd1 Kd5 62. Kc2 Be3 63. Kd1 Bb6 64. Kc2 Be3 65. Kd1 Bb6 1/2-1/2

[Event "Parsvnath Commonwealth ch 2010"]
[Site "Nueva Delhi IND"]
[Date "2010.05.17"]
[Round "10.12"]
[White "Koshy, Varugeese"]
[Black "Pogorelov, Ruslan"]
[Result "1/2-1/2"]
[WhiteElo "2310"]
[BlackElo "2454"]
[PlyCount "114"]
[EventDate "2010.05.10"]
[EventType "swiss"]
[EventRounds "11"]
[EventCountry "IND"]
[Source "lmi"]
[SourceDate "2010.05.10"]

1. c4 Nf6 2. g3 e6 3. Bg2 d5 4. Nf3 dxc4 5. Qa4+ c6 6. Qxc4 b5 7. Qb3 Bb7 8.
O-O Nbd7 9. d4 Qb6 10. Nc3 a5 11. Be3 a4 12. Qc2 Nd5 13. Nxd5 cxd5 14. Ne5 Rc8
15. Nxd7 Kxd7 16. Qd3 b4 17. Rfc1 Qa6 18. Qxa6 Bxa6 19. Rxc8 Kxc8 20. Bf1 Bd6
21. b3 Kd7 22. Bd2 Ra8 23. Rb1 axb3 24. axb3 Bb7 25. e3 Ra2 26. Bc1 e5 27. Bb2
e4 28. h4 f5 29. Be2 h6 30. Kf1 g5 31. hxg5 hxg5 32. Ke1 Ke6 33. Kd1 f4 34.
gxf4 gxf4 35. exf4 Bxf4 36. Bc1 Kf5 37. Bxf4 Kxf4 38. Rc1 Ba6 39. Bxa6 Rxa6 40.
Rc8 Ra1+ 41. Ke2 Ra2+ 42. Ke1 Ra1+ 43. Ke2 Ra2+ 44. Ke1 e3 45. Rf8+ Ke4 46.
Re8+ Kxd4 47. Rxe3 Rc2 48. Rg3 Kc5 49. Rh3 Rb2 50. f4 Kd4 51. f5 Ke5 52. Rf3
Kf6 53. Rd3 Kxf5 54. Rxd5+ Ke4 55. Rd8 Rxb3 56. Kd2 Rc3 57. Rd7 Rc4 1/2-1/2

[Event "Parsvnath Commonwealth ch 2010"]
[Site "Nueva Delhi IND"]
[Date "2010.05.17"]
[Round "10.13"]
[White "Minhazuddin, Ahmed"]
[Black "Konguvel, Ponnuswamy"]
[Result "0-1"]
[WhiteElo "2304"]
[BlackElo "2412"]
[PlyCount "72"]
[EventDate "2010.05.10"]
[EventType "swiss"]
[EventRounds "11"]
[EventCountry "IND"]
[Source "lmi"]
[SourceDate "2010.05.10"]

1. e4 c5 2. Nf3 d6 3. d4 cxd4 4. Nxd4 Nf6 5. Nc3 g6 6. Bc4 Bg7 7. O-O O-O 8.
Bg5 Nc6 9. Nxc6 bxc6 10. Qd2 Qb6 11. Bb3 a5 12. Rfe1 Qc7 13. h3 Bb7 14. Rad1
Rad8 15. f4 Rfe8 16. f5 Nd7 17. Rf1 Ne5 18. f6 exf6 19. Bxf6 Rd7 20. Rf2 Ba6
21. Qd4 Rb8 22. a3 Qb6 23. Bxg7 Kxg7 24. Qxb6 Rxb6 25. Rfd2 Bc4 26. Na4 Rb8 27.
Bxc4 Nxc4 28. Rd4 Nxb2 29. Rb1 Rdb7 30. Nc3 Rb6 31. Rxd6 Nc4 32. Rxb6 Rxb6 33.
Rd7 Rb2 34. Rc7 Rxc2 35. Na4 Nxa3 36. e5 Nb5 0-1

[Event "Parsvnath Commonwealth ch 2010"]
[Site "Nueva Delhi IND"]
[Date "2010.05.17"]
[Round "10.14"]
[White "Abhishek, Kelkar"]
[Black "Debashis, Das"]
[Result "0-1"]
[WhiteElo "2261"]
[BlackElo "2400"]
[PlyCount "74"]
[EventDate "2010.05.10"]
[EventType "swiss"]
[EventRounds "11"]
[EventCountry "IND"]
[Source "lmi"]
[SourceDate "2010.05.10"]

1. e4 e5 2. Nf3 Nc6 3. Bb5 a6 4. Ba4 Nf6 5. O-O b5 6. Bb3 Bc5 7. c3 d6 8. d3 h6
9. h3 O-O 10. Re1 Bb6 11. Nbd2 Ne7 12. Nf1 Ng6 13. Ng3 Re8 14. Bd2 Be6 15. Qc1
d5 16. Nf5 Qd7 17. Nxg7 Kxg7 18. Bxh6+ Kh7 19. Qg5 Ng8 20. Nxe5 Qd8 21. Nxg6
Qxg5 22. Bxg5 Kxg6 23. exd5 Bf5 24. Bf4 Bxd3 25. Red1 Be2 26. Rd2 Nf6 27. Bc2+
Kg7 28. Re1 Bc4 29. Be5 Kg8 30. Kh2 Nd7 31. f4 Rad8 32. Bb3 Bxb3 33. axb3 f6
34. Rde2 fxe5 35. fxe5 Nc5 36. Rd1 c6 37. b4 Nd7 0-1

[Event "Parsvnath Commonwealth ch 2010"]
[Site "Nueva Delhi IND"]
[Date "2010.05.17"]
[Round "10.15"]
[White "Atabayev, Yusup"]
[Black "Narayanan, Srinath"]
[Result "0-1"]
[WhiteElo "2217"]
[BlackElo "2393"]
[PlyCount "78"]
[EventDate "2010.05.10"]
[EventType "swiss"]
[EventRounds "11"]
[EventCountry "IND"]
[Source "lmi"]
[SourceDate "2010.05.10"]

1. e4 c5 2. Nf3 d6 3. d4 cxd4 4. Nxd4 Nf6 5. Nc3 a6 6. Be2 e5 7. Nb3 Be7 8. f4
Nbd7 9. g4 d5 10. exd5 Nb6 11. d6 Qxd6 12. Be3 Nbd5 13. Nxd5 Qxd5 14. O-O Qxd1
15. Bxd1 Nxg4 16. Bxg4 Bxg4 17. fxe5 O-O 18. Rf4 h5 19. Kg2 Bg5 20. Rxg4 Bxe3
21. Re4 Ba7 22. c3 Rfe8 23. Rae1 Re7 24. Nd4 Rae8 25. Nf5 Re6 26. Nd6 Rd8 27.
Kf3 Rd7 28. b4 Bb8 29. Nf5 Rd3+ 30. R1e3 Rxe3+ 31. Nxe3 Bxe5 32. Nd5 Bxh2 33.
Rh4 Re5 34. c4 Bg1 35. a4 g6 36. b5 a5 37. Re4 Rxe4 38. Nf6+ Kf8 39. Nxe4 Ke7
0-1

[Event "Parsvnath Commonwealth ch 2010"]
[Site "Nueva Delhi IND"]
[Date "2010.05.17"]
[Round "10.16"]
[White "Das, Sayantan"]
[Black "Shivananda, B.S."]
[Result "1-0"]
[WhiteElo "2250"]
[BlackElo "2387"]
[PlyCount "69"]
[EventDate "2010.05.10"]
[EventType "swiss"]
[EventRounds "11"]
[EventCountry "IND"]
[Source "lmi"]
[SourceDate "2010.05.10"]

1. e4 Nf6 2. e5 Nd5 3. d4 d6 4. c4 Nb6 5. f4 dxe5 6. fxe5 Nc6 7. Be3 Bf5 8. Nc3
e6 9. Nf3 Be7 10. d5 exd5 11. cxd5 Nb4 12. Nd4 Bd7 13. Qf3 c5 14. dxc6 bxc6 15.
Be2 O-O 16. O-O N4d5 17. Bf2 Nxc3 18. bxc3 c5 19. Nf5 Bxf5 20. Qxf5 Qd2 21. Qf3
Rad8 22. c4 Na4 23. Rad1 Qb2 24. Rxd8 Rxd8 25. Bd1 Nb6 26. e6 fxe6 27. Qe4 Bf6
28. Bc2 g6 29. Qxe6+ Kg7 30. Be3 Nd7 31. Bg5 Qd4+ 32. Kh1 Rf8 33. Be3 Qb2 34.
Qxd7+ Rf7 35. Bh6+ 1-0

[Event "Parsvnath Commonwealth ch 2010"]
[Site "Nueva Delhi IND"]
[Date "2010.05.17"]
[Round "10.17"]
[White "Navalgund, Niranjan"]
[Black "Suvrajit, Saha"]
[Result "0-1"]
[WhiteElo "2158"]
[BlackElo "2380"]
[PlyCount "88"]
[EventDate "2010.05.10"]
[EventType "swiss"]
[EventRounds "11"]
[EventCountry "IND"]
[Source "lmi"]
[SourceDate "2010.05.10"]

1. d4 Nf6 2. c4 e6 3. g3 d5 4. Nf3 c6 5. Bg2 Nbd7 6. O-O dxc4 7. a4 Nd5 8. Nfd2
b5 9. axb5 cxb5 10. Nc3 Nxc3 11. bxc3 Rb8 12. Rxa7 Qb6 13. Ra1 Bb7 14. e4 Be7
15. Rb1 Qa5 16. Qh5 Ba6 17. Nxc4 Qxc3 18. Ne5 Nxe5 19. Qxe5 O-O 20. Bb2 Qa5 21.
Rfd1 Bf6 22. Qf4 b4 23. e5 Be7 24. d5 exd5 25. Bxd5 Bb7 26. Bxb7 Rxb7 27. Qg4
Bc5 28. h4 Qb6 29. Rd2 Qe6 30. Qxe6 fxe6 31. Kg2 Ra8 32. Rc1 Be7 33. Rc6 Kf7
34. f4 b3 35. Kf3 Ra2 36. f5 exf5 37. e6+ Kg6 38. Rg2 h5 39. Rd2 Kh7 40. Rd7
Rxd7 41. exd7 Rxb2 42. Rd6 Rb1 43. d8=Q Bxd8 44. Rxd8 b2 0-1

[Event "Parsvnath Commonwealth ch 2010"]
[Site "Nueva Delhi IND"]
[Date "2010.05.17"]
[Round "10.19"]
[White "Prince, Bajaj"]
[Black "Himanshu, Sharma"]
[Result "1/2-1/2"]
[WhiteElo "2180"]
[BlackElo "2440"]
[PlyCount "104"]
[EventDate "2010.05.10"]
[EventType "swiss"]
[EventRounds "11"]
[EventCountry "IND"]
[Source "lmi"]
[SourceDate "2010.05.10"]

1. e4 c6 2. d4 g6 3. Nf3 d5 4. exd5 cxd5 5. c4 Bg7 6. Nc3 Nf6 7. Qb3 Nbd7 8.
cxd5 Nb6 9. Bb5+ Bd7 10. Bxd7+ Nfxd7 11. Bg5 h6 12. Bh4 O-O 13. O-O g5 14. Bg3
Nf6 15. Rfe1 Re8 16. a4 a5 17. Rac1 Ra6 18. d6 exd6 19. Rxe8+ Nxe8 20. Nb5 g4
21. Nh4 d5 22. Nf5 Qg5 23. Qe3 Qxe3 24. Nxe3 h5 25. b3 Ra8 26. Nf5 Bf8 27. h3
gxh3 28. gxh3 Bb4 29. Rc2 Rc8 30. Rxc8 Nxc8 31. Ne3 Ne7 32. Kf1 f6 33. Ke2 Kf7
34. Nc2 Nc6 35. Kd3 Ke6 36. f3 Kd7 37. Ne3 Ne7 38. Nc2 Ng7 39. Bh4 Ne8 40. Bg3
Nc6 41. Ne3 Ne7 42. Nc2 Bd6 43. Bxd6 Nxd6 44. Nxd6 Kxd6 45. Ne3 Ke6 46. h4 Nc6
47. Ng2 Nb4+ 48. Kd2 Kf5 49. Kc3 Na2+ 50. Kd2 Nb4 51. Kc3 Na2+ 52. Kb2 Nb4
1/2-1/2

[Event "Parsvnath Commonwealth ch 2010"]
[Site "Nueva Delhi IND"]
[Date "2010.05.17"]
[Round "10.22"]
[White "Laxman, R.R."]
[Black "Matta, Vinay Kumar"]
[Result "1-0"]
[WhiteElo "2476"]
[BlackElo "2256"]
[PlyCount "79"]
[EventDate "2010.05.10"]
[EventType "swiss"]
[EventRounds "11"]
[EventCountry "IND"]
[Source "lmi"]
[SourceDate "2010.05.10"]

1. Nf3 Nf6 2. c4 g6 3. Nc3 Bg7 4. d4 O-O 5. e4 d6 6. h3 e5 7. d5 Nh5 8. Nh2 Na6
9. g3 c6 10. Be2 Nf6 11. Ng4 Nc5 12. Nxf6+ Bxf6 13. h4 cxd5 14. cxd5 a5 15. Be3
Bg7 16. h5 b6 17. Qd2 f5 18. hxg6 hxg6 19. O-O-O Nxe4 20. Nxe4 fxe4 21. Kb1 Bd7
22. Rc1 Rc8 23. Rxc8 Bxc8 24. Qc2 Bd7 25. g4 b5 26. Qxe4 Be8 27. Ka1 b4 28. g5
Rf5 29. Bg4 Bd7 30. Bxf5 gxf5 31. Qh4 f4 32. Bd2 Bf5 33. f3 Qa8 34. Qh5 Bd3 35.
g6 Qxd5 36. Bxf4 a4 37. Qh7+ Kf8 38. Bh6 Bxh6 39. Qxh6+ Ke8 40. Qg7 1-0

[Event "Parsvnath Commonwealth ch 2010"]
[Site "Nueva Delhi IND"]
[Date "2010.05.17"]
[Round "10.24"]
[White "Kokarev, Dmitry"]
[Black "Nitin, S."]
[Result "1/2-1/2"]
[WhiteElo "2612"]
[BlackElo "2363"]
[PlyCount "59"]
[EventDate "2010.05.10"]
[EventType "swiss"]
[EventRounds "11"]
[EventCountry "IND"]
[Source "lmi"]
[SourceDate "2010.05.10"]

1. e4 c5 2. Nf3 d6 3. d4 cxd4 4. Nxd4 a6 5. c4 Nf6 6. Nc3 g6 7. Be2 Bg7 8. Be3
O-O 9. Qd2 Nc6 10. O-O Ng4 11. Bxg4 Bxg4 12. b3 Qa5 13. a4 Rfc8 14. Rab1 Qe5
15. f4 Qa5 16. Kh1 Nxd4 17. Bxd4 e5 18. fxe5 dxe5 19. Be3 Be6 20. Bg5 h6 21.
Bh4 f5 22. exf5 gxf5 23. b4 Qc7 24. c5 Qc6 25. Be7 Re8 26. Bd6 Rad8 27. b5 Qxc5
28. Rfd1 Qc4 29. Qe3 e4 30. Ne2 1/2-1/2

[Event "Parsvnath Commonwealth ch 2010"]
[Site "Nueva Delhi IND"]
[Date "2010.05.17"]
[Round "10.25"]
[White "Hossain, Enamul"]
[Black "Stany, G.A."]
[Result "1-0"]
[WhiteElo "2499"]
[BlackElo "2330"]
[PlyCount "85"]
[EventDate "2010.05.10"]
[EventType "swiss"]
[EventRounds "11"]
[EventCountry "IND"]
[Source "lmi"]
[SourceDate "2010.05.10"]

1. d4 Nf6 2. g3 e6 3. Bg2 d5 4. Nf3 Be7 5. O-O O-O 6. c4 dxc4 7. Qc2 a6 8. Qxc4
b5 9. Qc2 Bb7 10. Bd2 Nbd7 11. Ba5 Rc8 12. Nbd2 Qe8 13. b4 Bd6 14. e4 e5 15.
Rfe1 exd4 16. e5 Nxe5 17. Nxe5 Bxg2 18. Nef3 Qd7 19. Kxg2 Nd5 20. a3 c5 21.
bxc5 Bxc5 22. Qd3 Qg4 23. Kh1 Ba7 24. Re5 Nc3 25. Bb4 Rfe8 26. Rae1 Rxe5 27.
Rxe5 h6 28. Kg2 Bb6 29. h3 Qd7 30. Bxc3 Rxc3 31. Qe4 Rc8 32. Re7 Qc6 33. Qf5
Rf8 34. Ne4 Qc4 35. Ne5 Qd5 36. Qf3 Bd8 37. Nf6+ gxf6 38. Qxd5 Bxe7 39. Ng6
Bxa3 40. Nxf8 Bxf8 41. Qxd4 a5 42. Qg4+ Kh8 43. Qf5 1-0

[Event "Parsvnath Commonwealth ch 2010"]
[Site "Nueva Delhi IND"]
[Date "2010.05.17"]
[Round "10.28"]
[White "Venkatesh, M.R."]
[Black "Agaragimov, Djakhangir"]
[Result "1/2-1/2"]
[WhiteElo "2452"]
[BlackElo "2304"]
[PlyCount "60"]
[EventDate "2010.05.10"]
[EventType "swiss"]
[EventRounds "11"]
[EventCountry "IND"]
[Source "lmi"]
[SourceDate "2010.05.10"]

1. e4 c5 2. Nf3 Nc6 3. d4 cxd4 4. Nxd4 Nf6 5. Nc3 e5 6. Ndb5 d6 7. Bg5 a6 8.
Na3 b5 9. Nd5 Be7 10. Bxf6 Bxf6 11. c3 O-O 12. Nc2 Rb8 13. Be2 Bg5 14. Bf3 Be6
15. O-O a5 16. Qd3 Ne7 17. Nce3 Bxe3 18. Nxe3 Qb6 19. Bg4 Bxg4 20. Nxg4 b4 21.
Ne3 bxc3 22. bxc3 Qc5 23. Rab1 g6 24. Rfd1 Rxb1 25. Rxb1 Rc8 26. g3 Qa3 27. Rb7
Rxc3 28. Qe2 Qc1+ 29. Kg2 Rc7 30. Rb8+ Rc8 1/2-1/2

[Event "Parsvnath Commonwealth ch 2010"]
[Site "Nueva Delhi IND"]
[Date "2010.05.17"]
[Round "10.29"]
[White "Anwesh, Upadhyaya"]
[Black "Chatterjee, Debaraj"]
[Result "1-0"]
[WhiteElo "2419"]
[BlackElo "2266"]
[PlyCount "80"]
[EventDate "2010.05.10"]
[EventType "swiss"]
[EventRounds "11"]
[EventCountry "IND"]
[Source "lmi"]
[SourceDate "2010.05.10"]

1. d4 Nf6 2. c4 c5 3. d5 e6 4. g3 exd5 5. cxd5 d6 6. Nc3 g6 7. Nf3 Bg7 8. Bg2
O-O 9. O-O Re8 10. h3 a6 11. a4 Nbd7 12. Nd2 Nh5 13. e4 Rb8 14. Nc4 Ne5 15. Na3
Bd7 16. g4 Nf6 17. Qe2 Qe7 18. Re1 Rbc8 19. g5 Nh5 20. f4 Ng3 21. Qe3 Nf5 22.
Qd2 Nd4 23. fxe5 Bxe5 24. Qd1 b5 25. axb5 axb5 26. Ne2 b4 27. Nc4 Bb5 28. Qd3
Ra8 29. Rxa8 Rxa8 30. b3 Ra1 31. Rf1 Qa7 32. Be3 Nxe2+ 33. Qxe2 Ra2 34. Qd3 Rb2
35. Rf2 Qa1+ 36. Bf1 Rb1 37. Kg2 Rd1 38. Qe2 Bxc4 39. Qxc4 Re1 40. Qb5 Qa8 1-0

[Event "Parsvnath Commonwealth ch 2010"]
[Site "Nueva Delhi IND"]
[Date "2010.05.17"]
[Round "10.30"]
[White "Swayams, Mishra"]
[Black "Jaiswal, Puneet"]
[Result "1-0"]
[WhiteElo "2397"]
[BlackElo "2253"]
[PlyCount "110"]
[EventDate "2010.05.10"]
[EventType "swiss"]
[EventRounds "11"]
[EventCountry "IND"]
[Source "lmi"]
[SourceDate "2010.05.10"]

1. d4 d5 2. c4 c6 3. Nf3 Nf6 4. Nc3 e6 5. Bg5 dxc4 6. e4 b5 7. e5 h6 8. Bh4 g5
9. Nxg5 hxg5 10. Bxg5 Nbd7 11. exf6 Bb7 12. g3 c5 13. d5 Nxf6 14. Bg2 Be7 15.
O-O Nxd5 16. Bxe7 Kxe7 17. Nxb5 Qb6 18. Na3 Rh4 19. Re1 Rd4 20. Qh5 Nf6 21. Qf5
Bxg2 22. Kxg2 Qc6+ 23. Qf3 Qxf3+ 24. Kxf3 Rb8 25. Rab1 Nd5 26. Rec1 Rd3+ 27.
Kg2 c3 28. bxc3 Rb6 29. Rxb6 axb6 30. Nb1 c4 31. Kf1 b5 32. Ke1 e5 33. Rd1 e4
34. Rxd3 exd3 35. Kd2 Kd6 36. h4 f5 37. Na3 Nc7 38. Kc1 Ke6 39. Kb2 Kf6 40. Nb1
Nd5 41. Nd2 b4 42. Nb1 d2 43. Kc2 bxc3 44. Kd1 c2+ 45. Kxc2 Nb4+ 46. Kxd2 Nxa2
47. Na3 c3+ 48. Kc2 Kg6 49. Kb3 Nc1+ 50. Kxc3 Ne2+ 51. Kd3 Ng1 52. Ke3 Nh3 53.
Nc4 Kh5 54. Ne5 Ng1 55. f4 Nh3 1-0

[Event "Parsvnath Commonwealth ch 2010"]
[Site "Nueva Delhi IND"]
[Date "2010.05.17"]
[Round "10.31"]
[White "Adhiban, B."]
[Black "Yashas, D."]
[Result "1-0"]
[WhiteElo "2510"]
[BlackElo "2204"]
[PlyCount "85"]
[EventDate "2010.05.10"]
[EventType "swiss"]
[EventRounds "11"]
[EventCountry "IND"]
[Source "lmi"]
[SourceDate "2010.05.10"]

1. e4 d5 2. exd5 Nf6 3. d4 Bg4 4. Nf3 Nxd5 5. c4 Nb6 6. c5 Nd5 7. Qb3 Bc8 8.
Bg5 f6 9. Bh4 e6 10. Nc3 Be7 11. Nxd5 exd5 12. Bd3 b6 13. c6 Ba6 14. Rc1 Bxd3
15. Qxd3 Bb4+ 16. Kd1 O-O 17. a3 Be7 18. Re1 a5 19. Re6 b5 20. Qxb5 Ra6 21. Bg3
Rb6 22. Bxc7 Qxc7 23. Rxe7 Rxb5 24. Rxc7 Rxb2 25. Re7 Rc8 26. c7 Rxf2 27.
cxb8=Q Rxb8 28. Re2 Rf1+ 29. Kd2 Rb2+ 30. Rc2 Rb3 31. Rc3 Rfb1 32. Kd3 a4 33.
Nd2 Rxc3+ 34. Kxc3 Rc1+ 35. Kb4 Rc2 36. Kxa4 Rb2 37. Rf2 Kf7 38. Ne4 Rb6 39.
Nc3 Rc6 40. Nxd5 Rc4+ 41. Kb5 Rxd4 42. Nb4 g5 43. a4 1-0

[Event "Parsvnath Commonwealth ch 2010"]
[Site "Nueva Delhi IND"]
[Date "2010.05.17"]
[Round "10.32"]
[White "Dzhumaev, Marat"]
[Black "Anurag, Mhamal"]
[Result "1-0"]
[WhiteElo "2495"]
[BlackElo "2210"]
[PlyCount "109"]
[EventDate "2010.05.10"]
[EventType "swiss"]
[EventRounds "11"]
[EventCountry "IND"]
[Source "lmi"]
[SourceDate "2010.05.10"]

1. e4 e5 2. Nf3 Nc6 3. Bb5 a6 4. Ba4 Nf6 5. O-O b5 6. Bb3 Bc5 7. a4 Bb7 8. d3
O-O 9. Bg5 h6 10. Bh4 g5 11. Bg3 d6 12. Nc3 b4 13. Nd5 Na5 14. Nxf6+ Qxf6 15.
Ba2 b3 16. cxb3 Nc6 17. Rc1 Bb6 18. b4 Nxb4 19. Bc4 a5 20. h4 Kg7 21. d4 Rae8
22. dxe5 dxe5 23. Re1 g4 24. Nh2 h5 25. Nf1 Rd8 26. Qb3 Rd4 27. Qc3 Kg8 28.
Rcd1 Rfd8 29. Rxd4 Bxd4 30. Qc1 Rd6 31. b3 Na2 32. Qc2 Nb4 33. Qd2 Bb6 34. Qc1
Nd3 35. Bxd3 Rxd3 36. Ne3 Bxe4 37. Kh2 Bb7 38. Qc2 Rd7 39. Nc4 Qc6 40. Rg1 Re7
41. Qd2 Qf6 42. Re1 e4 43. Nxa5 Ba6 44. Nc4 Bd4 45. Ne3 Rd7 46. b4 Rd8 47. Qc2
Bc3 48. Rc1 Bd2 49. Rd1 Bxe3 50. Rxd8+ Qxd8 51. fxe3 Qd3 52. Qxc7 Bc4 53. b5
Qb3 54. Qd8+ Kh7 55. Qd4 1-0

[Event "Parsvnath Commonwealth ch 2010"]
[Site "Nueva Delhi IND"]
[Date "2010.05.17"]
[Round "10.33"]
[White "Paciencia, Enrique"]
[Black "Thipsay, Bagyashree Sathe"]
[Result "1-0"]
[WhiteElo "2429"]
[BlackElo "2167"]
[PlyCount "77"]
[EventDate "2010.05.10"]
[EventType "swiss"]
[EventRounds "11"]
[EventCountry "IND"]
[Source "lmi"]
[SourceDate "2010.05.10"]

1. d4 e6 2. Nf3 f5 3. g3 Nf6 4. Bg2 Be7 5. O-O O-O 6. b3 Qe8 7. c4 d6 8. Bb2
Qh5 9. Nbd2 Nc6 10. Rc1 a5 11. e3 Bd7 12. a3 Rae8 13. Ne1 Qh6 14. Nd3 Bd8 15.
d5 exd5 16. cxd5 Ne5 17. Nxe5 dxe5 18. Nc4 b6 19. Qd2 f4 20. exf4 exf4 21. f3
Qh5 22. d6 fxg3 23. hxg3 c5 24. Rfe1 Qg6 25. g4 h6 26. Ne5 Qg5 27. Qxg5 hxg5
28. Bf1 Rxe5 29. Bxe5 Bc6 30. Bg2 Nd7 31. Bb2 Bd5 32. Re3 b5 33. Kf2 Bb6 34.
Rd1 Bc6 35. Kg3 Bd8 36. Bf1 Nb6 37. Be2 Nd5 38. Rxd5 Bxd5 39. Bxb5 1-0

[Event "Parsvnath Commonwealth ch 2010"]
[Site "Nueva Delhi IND"]
[Date "2010.05.17"]
[Round "10.34"]
[White "Lodhi, Mahmood"]
[Black "Kaushik, S."]
[Result "1-0"]
[WhiteElo "2377"]
[BlackElo "2144"]
[PlyCount "89"]
[EventDate "2010.05.10"]
[EventType "swiss"]
[EventRounds "11"]
[EventCountry "IND"]
[Source "lmi"]
[SourceDate "2010.05.10"]

1. d4 Nf6 2. Nf3 e6 3. g3 d5 4. Bg2 Be7 5. O-O O-O 6. c4 dxc4 7. Ne5 Nc6 8.
Bxc6 bxc6 9. Nxc6 Qe8 10. Nxe7+ Qxe7 11. Qa4 c5 12. Qa3 Bb7 13. dxc5 Rfc8 14.
Be3 Ng4 15. Rd1 Nxe3 16. Qxe3 Rxc5 17. Nc3 h6 18. Rd2 Rac8 19. Rad1 R8c7 20. f3
Qg5 21. Qxg5 Rxg5 22. Rd8+ Kh7 23. R1d7 Rgc5 24. Kf2 Kg6 25. Ke3 e5 26. g4 f6
27. Rxc7 Rxc7 28. Nb5 Rc5 29. Nd6 c3 30. bxc3 Rxc3+ 31. Kf2 Rc7 32. h4 Kh7 33.
h5 Bc6 34. Nf5 Rd7 35. Rc8 Bd5 36. Nh4 Bf7 37. a4 g5 38. hxg6+ Bxg6 39. a5 Bf7
40. a6 Bd5 41. e4 Be6 42. Rc6 Re7 43. Nf5 Bxf5 44. gxf5 Kg7 45. Kg3 1-0

[Event "Parsvnath Commonwealth ch 2010"]
[Site "Nueva Delhi IND"]
[Date "2010.05.17"]
[Round "10.35"]
[White "Priyadharshan, K."]
[Black "Bharathi, R."]
[Result "1-0"]
[WhiteElo "2362"]
[BlackElo "2110"]
[PlyCount "99"]
[EventDate "2010.05.10"]
[EventType "swiss"]
[EventRounds "11"]
[EventCountry "IND"]
[Source "lmi"]
[SourceDate "2010.05.10"]

1. e4 c6 2. d4 d5 3. e5 c5 4. dxc5 Nc6 5. Bb5 e6 6. Be3 Nge7 7. c3 Bd7 8. Bxc6
Nxc6 9. Nf3 a5 10. O-O Qc7 11. c4 dxc4 12. Na3 Nxe5 13. Nxe5 Qxe5 14. Nxc4 Qd5
15. Qxd5 exd5 16. Nb6 Ra6 17. Rfd1 Be6 18. Nxd5 Rc6 19. Rac1 Be7 20. a3 a4 21.
Nxe7 Kxe7 22. Rd4 Ra8 23. Rb4 Rc7 24. Bf4 Rd7 25. Bd6+ Kf6 26. Re1 g5 27. Ree4
Bb3 28. h3 Rc8 29. Kh2 Kg6 30. Re3 f5 31. f4 h6 32. Kg3 Rf7 33. Kf2 Ra8 34. Rg3
Kh5 35. Re3 Kg6 36. Re5 Rc8 37. Kg1 Rc6 38. Re8 Kh5 39. Rb8 gxf4 40. R8xb7 Rxb7
41. Rxb7 Rc8 42. Rb4 Bc2 43. Rxf4 Kg5 44. Rc4 Bb3 45. Rd4 Bc2 46. Kf2 h5 47. g3
Kf6 48. Ke3 Ke6 49. Kd2 Bb3 50. Rh4 1-0

[Event "Parsvnath Commonwealth ch 2010"]
[Site "Nueva Delhi IND"]
[Date "2010.05.17"]
[Round "10.36"]
[White "Preethi, R."]
[Black "Ankit, R. Rajpara"]
[Result "1/2-1/2"]
[WhiteElo "2076"]
[BlackElo "2350"]
[PlyCount "158"]
[EventDate "2010.05.10"]
[EventType "swiss"]
[EventRounds "11"]
[EventCountry "IND"]
[Source "lmi"]
[SourceDate "2010.05.10"]

1. e4 d5 2. exd5 Nf6 3. d4 Nxd5 4. Nf3 g6 5. Be2 Bg7 6. O-O O-O 7. Re1 c6 8. c4
Nb6 9. Be3 N8d7 10. Nc3 Re8 11. Qd2 Nf6 12. h3 Bf5 13. Rad1 Ne4 14. Nxe4 Bxe4
15. b3 Bf5 16. Bh6 Qc7 17. Bf4 Qd8 18. Bh6 Rc8 19. g4 Bd7 20. Bxg7 Kxg7 21. d5
cxd5 22. c5 Bc6 23. cxb6 Qxb6 24. Qd4+ Qxd4 25. Nxd4 Red8 26. Nxc6 Rxc6 27. Rd2
e6 28. Bd3 Rdc8 29. Ree2 Rc3 30. g5 h6 31. gxh6+ Kxh6 32. f4 Kg7 33. Kh2 Kf6
34. Rf2 Ke7 35. Kg3 Kd6 36. Kg4 Rh8 37. Rh2 Rc1 38. Kg5 Ke7 39. Rdg2 Rc3 40.
Rd2 f5 41. Rc2 Rxd3 42. Rc7+ Kd6 43. Rxb7 Rhxh3 44. Re2 Rc3 45. Rd2 Rcd3 46.
Re2 Rhe3 47. Rh2 d4 48. Rxa7 Kd5 49. Ra6 Rg3+ 50. Kf6 Ke4 51. b4 Kxf4 52. b5
Rd1 53. Rb2 Rgg1 54. Ra4 e5 55. b6 Rc1 56. b7 Rc6+ 57. Ke7 Rc7+ 58. Kd6 Rxb7
59. Rxb7 Re1 60. Re7 Re3 61. Kc5 g5 62. Rf7 g4 63. Ra6 Ke4 64. Kb4 g3 65. a4 f4
66. Rg6 Re1 67. Rg5 Re2 68. a5 g2 69. Rff5 g1=Q 70. Rxe5+ Kd3 71. Rxg1 Rxe5 72.
Rd1+ Ke2 73. Rxd4 f3 74. Rf4 Ke3 75. Rf8 Re4+ 76. Kc5 Ra4 77. Kb6 Rb4+ 78. Kc5
Ra4 79. Kb6 Rb4+ 1/2-1/2